000 01503nam a22002533i 4500
001 BDZ0050058311
003 StDuBDS
005 20230418110205.0
008 230418s2023 nju g 000 0 eng d
020 _a9781119869023 :
_c29.99
040 _aStDuBDS
_beng
_erda
_cStDuBDS
100 1 _aLee, Sandra,
_eauthor.
245 1 0 _aWillis's Elements of Quantity Surveying /
_cSandra Lee.
_h[ON ORDER]
250 _a13th edition.
264 1 _aHoboken :
_bJohn Wiley & Sons, Inc.,
_c2023.
300 _a1 volume
336 _atext
_2rdacontent
338 _avolume
_2rdacarrier
366 _b20230314
_cNot yet available
520 _aWillis’s Elements of Quantity Surveying has become a standard text in the teaching of building measurement – a core part of the degree curriculum for quantity surveyors. The book will be fully updated to follow the guidance given by RICS NRM 1 & 2. As in previous editions the focus remains a logical approach the detailed measurement of building elements and copious use of examples to guide the student. The text has been fully revised in line with the NRM guidance and includes many new and revised examples illustrating the use of NRM. The hallmarks of previous editions – clarity and practicality – are maintained, while ensuring the book is fully up to date, providing the student of quantity surveying with a first class introduction to the measurement of building elements.
650 7 _aMEASUREMENT
650 7 _aQUANTITY SURVEYING
942 _2ddc
999 _c121469
_d121469